LIBRARY ONLINE CATALOGUE

A Practical approach to criminal procedure / (Record no. 3873)

MARC details
000 -LEADER
fixed length control field 00661cam a22002172 4500
001 - CONTROL NUMBER
control field 0000019116
005 - DATE AND TIME OF LATEST TRANSACTION
control field 20151217145911.0
008 - FIXED-LENGTH DATA ELEMENTS--GENERAL INFORMATION
fixed length control field 100921s xx 000 0 eng d
020 ## - INTERNATIONAL STANDARD BOOK NUMBER
International Standard Book Number 0199535392 :
040 ## - CATALOGING SOURCE
Original cataloging agency KABU
Transcribing agency KABU
100 1# - MAIN ENTRY--PERSONAL NAME
Personal name Sprack, John.
-- 0000160032
245 12 - TITLE STATEMENT
Title A Practical approach to criminal procedure /
Statement of responsibility, etc. John Sprack.
250 ## - EDITION STATEMENT
Edition statement 12th ed.
260 ## - PUBLICATION, DISTRIBUTION, ETC. (IMPRINT)
Place of publication, distribution, etc. Oxford :
Name of publisher, distributor, etc. O. U. P.,
Date of publication, distribution, etc. 2008.
300 ## - PHYSICAL DESCRIPTION
Extent li, 590 p.
650 #0 - SUBJECT ADDED ENTRY--TOPICAL TERM
Topical term or geographic name as entry element Criminal procedure
Geographic subdivision England.
-- 0000160033
650 #0 - SUBJECT ADDED ENTRY--TOPICAL TERM
Topical term or geographic name as entry element Criminal procedure
Geographic subdivision Wales.
-- 0000160034
852 1# - LOCATION
-- p10049 KES
908 ## - PUT COMMAND PARAMETER (RLIN)
Put command parameter 100921
950 ## - LOCAL HOLDINGS (RLIN)
-- 1
Holdings
Withdrawn status Lost status Source of classification or shelving scheme Not for loan Home library Current library Date acquired Total Checkouts Total Renewals Full call number Barcode Date last seen Date last checked out Price effective from Koha item type
    Library of Congress Classification   Kabarak, Main Campus Kabarak, Main Campus 17/12/2015 3 1 KD8329 .S67 2008 c. 1 23863 03/07/2018 26/06/2018 17/12/2015 General Collection
    Library of Congress Classification   Kabarak, Main Campus Kabarak, Main Campus 17/12/2015 2   KD8329 .S67 2008 c. 2 23862 25/05/2017 17/05/2017 17/12/2015 General Collection